|
|
|
|
| LEADER |
01058cam a2200229 7i4500 |
| 001 |
0000052349 |
| 005 |
20190409090000.0 |
| 020 |
|
|
|a 9832251036 (pbk.)
|
| 090 |
0 |
0 |
|a H62
|b .S63 2001
|
| 245 |
0 |
0 |
|a Socio-cultural research on information, education & communicatioan and advocacy :
|b a practical guide.
|
| 260 |
|
|
|a Kuala Lumpur:
|b Asian Institue for Development Communication (Aidcom),
|c 2001.
|
| 300 |
|
|
|a 63 p.;
|c 30 cm.
|
| 500 |
|
|
|a Gift: Zainol Ahmad Resource Center
|
| 650 |
0 |
0 |
|a Social sciences --
|x Research --
|x Methodology
|
| 999 |
|
|
|a 0000066114
|b BOK
|c OPEN SHELF
|e 1st Floor, Bestari Jaya
|
| 999 |
|
|
|a 0000066115
|b BOK
|c OPEN SHELF
|e 1st Floor, Bestari Jaya
|
| 999 |
|
|
|a 0000066116
|b BOK
|c OPEN SHELF
|e 1st Floor, Bestari Jaya
|
| 999 |
|
|
|a 0000066497
|b BOK
|c OPEN SHELF
|e 1st Floor, Bestari Jaya
|
| 999 |
|
|
|a 0000066498
|b BOK
|c OPEN SHELF
|e 1st Floor, Bestari Jaya
|
| 999 |
|
|
|a 0000066499
|b BOK
|c OPEN SHELF
|e 1st Floor, Bestari Jaya
|
| 999 |
|
|
|a 0000066500
|b BOK
|c OPEN SHELF
|e 1st Floor, Bestari Jaya
|
| 999 |
|
|
|a 0000068147
|b BOK
|c OPEN SHELF
|e 1st Floor, Bestari Jaya
|